<?xml version="1.0" encoding="UTF-8"?>
<record
    xmlns:xsi="http://www.w3.org/2001/XMLSchema-instance"
    xsi:schemaLocation="http://www.loc.gov/MARC21/slim http://www.loc.gov/standards/marcxml/schema/MARC21slim.xsd"
    xmlns="http://www.loc.gov/MARC21/slim">

  <leader>00511cam a22001331  4500</leader>
  <datafield tag="082" ind1=" " ind2=" ">
    <subfield code="a">942</subfield>
    <subfield code="b">TRE</subfield>
    <subfield code="c">L-28, P-16</subfield>
  </datafield>
  <datafield tag="100" ind1="1" ind2=" ">
    <subfield code="a">Trevelyan, George Macaulay,</subfield>
    <subfield code="9">46482</subfield>
  </datafield>
  <datafield tag="245" ind1="1" ind2="0">
    <subfield code="a">English social history;</subfield>
    <subfield code="b">a survey of six centuries, Chaucer to Queen Victoria,</subfield>
    <subfield code="c">by G. M. Trevelyan ...</subfield>
  </datafield>
  <datafield tag="260" ind1=" " ind2=" ">
    <subfield code="a">London,</subfield>
    <subfield code="a">New York,</subfield>
    <subfield code="b">Longmans, Green and Co.</subfield>
    <subfield code="c">[1946]</subfield>
  </datafield>
  <datafield tag="300" ind1=" " ind2=" ">
    <subfield code="a">xii, 628 p.</subfield>
    <subfield code="b">illus. (map, plans) diagr.</subfield>
    <subfield code="c">23 cm.</subfield>
  </datafield>
  <datafield tag="526" ind1=" " ind2=" ">
    <subfield code="a">0</subfield>
    <subfield code="b">0</subfield>
    <subfield code="c">0</subfield>
    <subfield code="d">942_000000000000000_TRE</subfield>
  </datafield>
  <datafield tag="650" ind1=" " ind2="7">
    <subfield code="a">Historia Da Europa</subfield>
    <subfield code="9">46483</subfield>
  </datafield>
  <datafield tag="942" ind1=" " ind2=" ">
    <subfield code="2">ddc</subfield>
    <subfield code="c">BK</subfield>
  </datafield>
  <datafield tag="999" ind1=" " ind2=" ">
    <subfield code="c">549813</subfield>
    <subfield code="d">549813</subfield>
  </datafield>
  <datafield tag="952" ind1=" " ind2=" ">
    <subfield code="0">0</subfield>
    <subfield code="1">0</subfield>
    <subfield code="2">ddc</subfield>
    <subfield code="4">0</subfield>
    <subfield code="7">0</subfield>
    <subfield code="a">MCE</subfield>
    <subfield code="b">MCE</subfield>
    <subfield code="d">2014-10-15</subfield>
    <subfield code="l">0</subfield>
    <subfield code="o">942 TRE</subfield>
    <subfield code="p">MCE-30954</subfield>
    <subfield code="r">2014-10-15</subfield>
    <subfield code="w">2014-10-15</subfield>
    <subfield code="y">BK</subfield>
  </datafield>
</record>
